000 005370000a22001810004500
003 MACL
005 20160416135906.0
008 160416b xxu||||| |||| 00| 0 eng d
040 _aMACL
_cMACL
041 _aHindi
082 _a800
100 _aगुप्‍त कृष्‍ण चन्‍द्र
_952459
245 _aस्‍मृति-गंध
260 _bकुसुम प्रकाशन
_c2004
_aमुजफफरनगर
350 _a40
650 _aLiterature
_952460
942 _cHIN
_k800/GUP/L
_2ddc
999 _c18129
_d18129